Avrupa rekabet gücünün kıyaslanması (Benchmarkıng): analizden eyleme (Record no. 9806)
[ view plain ]
| 000 -BAŞLIK | |
|---|---|
| Sabit Uzunlukta Kontrol Alanı | 00768na a2200205 4500 |
| 001 - KONTROL NUMARASI | |
| Denetim Alanı | 23587 |
| 003 - KONTROL NUMARASI IDENTIFIER | |
| Denetim Alanı | MIRAKIL |
| 005 - SON İŞLEM TARİHİ VE ZAMANI | |
| Denetim Alanı | 20181213155257.0 |
| 008 - SABİT-BOY VERİ ELEMANLARI - GENEL BİLGİLER | |
| Sabit Uzunlukta Kontrol Alanı | 171106b tu 000 0 |
| 040 ## - KATALOGLAMA KAYNAK | |
| Orijinal Kataloglama Ajansı | Milas |
| Kataloglama Dili | tur |
| Metne Dönüştürmek Ajansı | TR-AnCHP |
| 041 ## - DİL KODU | |
| Metin / Ses Parça Veya Ayrı Başlığın Dil Kodu | tur |
| 110 ## - ANA GİRİŞ - KURUMSAL ADI | |
| Giriş Elemanı Olarak Kurumsal Ad Veya Yargı Alanı Adı | Türkiye İşveren Sendikaları Konfederasyonu (TİSK) |
| 245 ## - BAŞLIK TABLOSU | |
| Başlık | Avrupa rekabet gücünün kıyaslanması (Benchmarkıng): analizden eyleme |
| Sorumluluk Tablosu, Vb | Türkiye İşveren Sendikaları Konfederasyonu (TİSK) |
| 260 ## - YAYIN, DAĞITIM, VB | |
| Yayın, Dağıtım, Vb Yeri | Ankara |
| Yayıncı, Dağıtıcı, Vs Adı | Türkiye İşveren Sendikaları Konfederasyonu (TİSK) |
| Yayın, Dağıtım, Vb Tarihi | 1998 |
| Üretici Firma | Plaka Matbaacılık |
| 300 ## - FİZİKSEL TANIM | |
| Kapsam | 80 s. |
| Diğer Fiziksel Ayrıntıları | tbl. , grf. |
| Boyutlar | 23 sm. |
| 440 ## - SERİSİ TABLOSU / KATMA GİRİŞİ - BAŞLIK | |
| Başlık | Türkiye İşveren Sendikaları Konfederasyonu |
| Hacim / Ardışık Tanımı | yayın no: 178 |
| 500 ## - GENEL NOT | |
| Genel Not | GEÇİCİ KATALOG KAYDIDIR. |
| 942 ## - EKLENDİ GİRİŞ ELEMANLARI (KOHA) | |
| Sınıflandırma Veya Raf Düzeni Kaynak | Dewey Decimal Classification |
| Koha Öğesi Türü | Books |
| 999 ## - SİSTEM KONTROL NUMARALARI (KOHA) | |
| Koha Biblionumber | 9806 |
| Koha Biblioitemnumber | 9806 |
| Kalıcı Konum | Mevcut Konum | Edinme Tarihi | Edinim Kaynak | Toplam Check-Out'Lar | Barkod | Tarih Son Görülme | İtibaren Geçerli Fiyatlar | Koha Öğesi Türü |
|---|---|---|---|---|---|---|---|---|
| CHP Kütüphanesi | CHP Kütüphanesi | 11/06/2017 | Bağış | 017571 | 11/06/2017 | 11/06/2017 | Books |
